Direct marketing reklama, která se zaplatí

Salvato in:
Dettagli Bibliografici
Autore principale: Wunderman, Lester
Altri autori: Rezek, Jiří
Natura: Libro
Lingua:ceco
Pubblicazione: Praha Grada Publishing, a.s. 2004
Serie:Manažer
Soggetti:
Tags: Aggiungi Tag
Nessun Tag, puoi essere il primo ad aggiungerne!!

MARC

LEADER 00000nam$a2200000$$$4500
001 0007770
005 20240306141334.0
020 |a 80-247-0731-4 
041 0 |a cze 
044 |a CZ 
245 1 0 |a Direct marketing  |b reklama, která se zaplatí  |c Lester Wunderman, ; přeložil Jiří Rezek 
264 1 |a Praha  |b Grada Publishing, a.s.  |c 2004 
300 |a 250 s. 
490 1 |a Manažer 
830 0 |a Manažer 
610 2 0 |a marketing priamy 
610 2 0 |a stratégia marketingová 
610 2 0 |a reklama 
610 2 0 |a zákazníci 
610 2 0 |a komunikácia marketingová 
610 2 0 |a správanie spotrebiteľa 
610 2 0 |a Wunderman, L. 
100 1 |a Wunderman, Lester 
700 1 |a Rezek, Jiří